<?xml version="1.0" encoding="UTF-8"?>
<record
    xmlns:xsi="http://www.w3.org/2001/XMLSchema-instance"
    xsi:schemaLocation="http://www.loc.gov/MARC21/slim http://www.loc.gov/standards/marcxml/schema/MARC21slim.xsd"
    xmlns="http://www.loc.gov/MARC21/slim">

  <leader>02748nam a2200289Ia 4500</leader>
  <datafield tag="952" ind1=" " ind2=" ">
    <subfield code="0">0</subfield>
    <subfield code="1">0</subfield>
    <subfield code="4">0</subfield>
    <subfield code="7">0</subfield>
    <subfield code="a">04</subfield>
    <subfield code="b">04</subfield>
    <subfield code="d">2016-04-06</subfield>
    <subfield code="l">36</subfield>
    <subfield code="m">7</subfield>
    <subfield code="o">HD37.E76 M85 2015</subfield>
    <subfield code="p">04 006105</subfield>
    <subfield code="r">2024-02-15</subfield>
    <subfield code="s">2024-02-06</subfield>
    <subfield code="t">1</subfield>
    <subfield code="w">2016-04-06</subfield>
    <subfield code="y">LB</subfield>
  </datafield>
  <datafield tag="952" ind1=" " ind2=" ">
    <subfield code="0">0</subfield>
    <subfield code="1">0</subfield>
    <subfield code="4">0</subfield>
    <subfield code="7">0</subfield>
    <subfield code="a">04</subfield>
    <subfield code="b">04</subfield>
    <subfield code="d">2016-08-24</subfield>
    <subfield code="l">44</subfield>
    <subfield code="m">5</subfield>
    <subfield code="o">HD37.E76 M85 2015</subfield>
    <subfield code="p">04 006302</subfield>
    <subfield code="r">2024-11-11</subfield>
    <subfield code="s">2024-10-28</subfield>
    <subfield code="t">2</subfield>
    <subfield code="w">2016-08-24</subfield>
    <subfield code="y">LB</subfield>
  </datafield>
  <datafield tag="952" ind1=" " ind2=" ">
    <subfield code="0">0</subfield>
    <subfield code="1">0</subfield>
    <subfield code="4">0</subfield>
    <subfield code="7">0</subfield>
    <subfield code="a">14</subfield>
    <subfield code="b">14</subfield>
    <subfield code="d">2016-10-04</subfield>
    <subfield code="l">0</subfield>
    <subfield code="o">HD37.E76 M84 2015</subfield>
    <subfield code="p">14 006713</subfield>
    <subfield code="r">2016-10-04</subfield>
    <subfield code="t">1</subfield>
    <subfield code="w">2016-10-04</subfield>
    <subfield code="y">LB</subfield>
  </datafield>
  <datafield tag="952" ind1=" " ind2=" ">
    <subfield code="0">0</subfield>
    <subfield code="1">0</subfield>
    <subfield code="2">lcc</subfield>
    <subfield code="4">0</subfield>
    <subfield code="7">0</subfield>
    <subfield code="a">12</subfield>
    <subfield code="b">12</subfield>
    <subfield code="d">2017-10-04</subfield>
    <subfield code="l">17</subfield>
    <subfield code="m">2</subfield>
    <subfield code="o">HD37.E76 M85 2015</subfield>
    <subfield code="p">24 000156</subfield>
    <subfield code="r">2023-09-21</subfield>
    <subfield code="s">2020-01-31</subfield>
    <subfield code="t">1</subfield>
    <subfield code="w">2017-10-04</subfield>
    <subfield code="y">LB</subfield>
  </datafield>
  <datafield tag="999" ind1=" " ind2=" ">
    <subfield code="c">99222</subfield>
    <subfield code="d">99222</subfield>
  </datafield>
  <controlfield tag="005">20231102151917.0</controlfield>
  <controlfield tag="008">120625s2015    mx am         001 0 esp d</controlfield>
  <datafield tag="020" ind1=" " ind2=" ">
    <subfield code="a">9786071724847</subfield>
  </datafield>
  <datafield tag="050" ind1="1" ind2="4">
    <subfield code="a">HD37.E76</subfield>
    <subfield code="b">M85 2015</subfield>
  </datafield>
  <datafield tag="100" ind1="1" ind2=" ">
    <subfield code="a">M&#xFC;nch Galindo, Lourdes</subfield>
    <subfield code="e">autora</subfield>
  </datafield>
  <datafield tag="245" ind1="1" ind2="0">
    <subfield code="a">Fundamentos de administraci&#xF3;n </subfield>
    <subfield code="c">/ Lourdes M&#xFC;nch Galindo y Jos&#xE9; G. Garc&#xED;a Mart&#xED;nez.</subfield>
  </datafield>
  <datafield tag="250" ind1=" " ind2=" ">
    <subfield code="a">11a. edici&#xF3;n</subfield>
  </datafield>
  <datafield tag="260" ind1="3" ind2=" ">
    <subfield code="a">M&#xE9;xico </subfield>
    <subfield code="b">: Trillas </subfield>
    <subfield code="c">, 2015</subfield>
  </datafield>
  <datafield tag="300" ind1=" " ind2=" ">
    <subfield code="a">276 p&#xE1;ginas</subfield>
    <subfield code="b">: ilustraciones</subfield>
    <subfield code="c">; 23 cm</subfield>
  </datafield>
  <datafield tag="500" ind1=" " ind2=" ">
    <subfield code="a">Incluye glosario (pp. 263-264)
Incluye &#xED;ndice onom&#xE1;stico (pp. 269-270)
Incluye &#xED;ndice anal&#xED;tico (pp. 271-276)</subfield>
  </datafield>
  <datafield tag="504" ind1=" " ind2=" ">
    <subfield code="a">Incluye bibliograf&#xED;a (pp. 265-267)</subfield>
  </datafield>
  <datafield tag="505" ind1="1" ind2=" ">
    <subfield code="a">Unidad 1: Introducci&#xF3;n al estudio de la administraci&#xF3;n
Antecedentes hist&#xF3;ricos
&#xBF;Qu&#xE9; es una organizaci&#xF3;n?
Niveles jer&#xE1;rquicos
Cadena de mando
Concepto de administraci&#xF3;n
Caracter&#xED;sticas
Importancia
Ciencias y t&#xE9;cnicas auxiliares de la administraci&#xF3;n
El proceso administrativo

Unidad 2: Empresa
La empresa conceptuada como un sistema
Funciones sustantivas y adjetivas de la empresa
Clasificaci&#xF3;n
Prop&#xF3;sito o valores institucionales de la empresa
&#xC1;reas de actividad (funciones b&#xE1;sicas de la empresa)
Recursos

Unidad 3: Planeaci&#xF3;n
Objetivos
Concepto
Importancia
Principios
Tipolog&#xED;a de la planeaci&#xF3;n
Premisas
Evaluaci&#xF3;n de amenazas y oportunidades: y los puntos fuertes y d&#xE9;biles de la empresa
Elementos de planeaci&#xF3;n
T&#xE9;cnicas de planeaci&#xF3;n

Unidad 4: Organizaci&#xF3;n
Objetivos
Concepto 
Importancia 
Principios
Etapas de organizaci&#xF3;n
Tipolog&#xED;a de la organizaci&#xF3;n
Reorganizaci&#xF3;n
T&#xE9;cnicas de organizaci&#xF3;n
An&#xE1;lisis de puestos

Unidad 5: Direcci&#xF3;n
Objetivos
Concepto
Importancia 
principios
Etapas de direcci&#xF3;n

Unidad 6: Control
Objetivos
Concepto
Importancia
Principios
Procesos de control
Caracter&#xED;sticas
Factores que comprende el control
El control y su periodicidad
Control por &#xE1;reas funcionales

Unidad 7: Evoluci&#xF3;n de la teor&#xED;a administrativa
Objetivos
Escuelas de la teor&#xED;a administrativa
Escuela de administraci&#xF3;n emp&#xED;rica</subfield>
  </datafield>
  <datafield tag="519" ind1=" " ind2=" ">
    <subfield code="a">Educaci&#xF3;n Mixta/</subfield>
    <subfield code="b">Contadur&#xED;a/</subfield>
    <subfield code="c">Proceso administrativo (B05-2)/</subfield>
    <subfield code="d">(04 006105)</subfield>
  </datafield>
  <datafield tag="519" ind1=" " ind2=" ">
    <subfield code="a">Educaci&#xF3;n Mixta/</subfield>
    <subfield code="b">Administraci&#xF3;n /</subfield>
    <subfield code="c">Fundamentos de administraci&#xF3;n (B01-3) /</subfield>
    <subfield code="d">(04 006302)</subfield>
  </datafield>
  <datafield tag="519" ind1=" " ind2=" ">
    <subfield code="a">Plan Flexible /</subfield>
    <subfield code="b">Maestr&#xED;a en educaci&#xF3;n /</subfield>
    <subfield code="c">Administraci&#xF3;n educativa (P01-1) /</subfield>
    <subfield code="d">(14 006713)</subfield>
  </datafield>
  <datafield tag="519" ind1=" " ind2=" ">
    <subfield code="a">Plan Flexible /</subfield>
    <subfield code="b">Inform&#xE1;tica /</subfield>
    <subfield code="c">Fundamentos De Administraci&#xF3;n (LI106-3 /</subfield>
    <subfield code="d">(24 000156)</subfield>
  </datafield>
  <datafield tag="650" ind1="1" ind2="4">
    <subfield code="a">ADMINISTRACI&#xD3;N</subfield>
    <subfield code="x">ESTUDIO Y ENSE&#xD1;ANZA</subfield>
  </datafield>
  <datafield tag="700" ind1="1" ind2=" ">
    <subfield code="a">Garc&#xED;a Mart&#xED;nez, Jos&#xE9; G.</subfield>
    <subfield code="e">autor</subfield>
  </datafield>
  <datafield tag="942" ind1=" " ind2=" ">
    <subfield code="c">LB</subfield>
    <subfield code="2">lcc</subfield>
  </datafield>
</record>
